| 000 | 00404nam a2200145Ia 4500 | ||
|---|---|---|---|
| 008 | 230917s9999||||xx |||||||||||||| ||und|| | ||
| 040 |
_e132664 _aMAIN |
||
| 041 | _aEnglish | ||
| 082 | _a658.15 M356F | ||
| 100 | _aMarshall, John F | ||
| 245 | 0 | _aFinancial engineering: A complete guide to financial innovations | |
| 260 |
_aNew Delhi _bPrentice-Hall of India _c2006 |
||
| 300 | _a728 p. | ||
| 942 | _cBK | ||
| 999 |
_c145971 _d145971 |
||